Burning bright / by Tracy Chevalier.
Available copies
- 2 of 2 copies available at LARL/NWRL Consortium.
- 1 of 1 copy available at Lake Agassiz Regional Library. (Show preferred library)
Current holds
0 current holds with 2 total copies.
Show Only Available Copies
| Location | Call Number / Copy Notes | Barcode | Shelving Location | Status | Due Date |
|---|---|---|---|---|---|
| Fosston Public Library | CHE (Text) | 33500009118746 | Main | Available | - |
| Red Lake Falls Public Library | CHE (Text) | 35500003999545 | Main | Available | - |
Record details
- ISBN: 9780525949787
- ISBN: 052594978X (hardcover)
- Physical Description: 311 p. ; 24 cm.
- Publisher: New York : Dutton, c2007.
Search for related items by subject
| Subject: | Blake, William, 1757-1827 > Fiction. |
| LDR | 01796cam a22003618a 4500 | ||
|---|---|---|---|
| 001 | 74168 | ||
| 003 | LARL_NWRL_CONSORTIUM | ||
| 005 | 20061108105441.0 | ||
| 008 | 060816s2007 nyu 000 1 eng | ||
| 010 | . | ‡a2006026898 | |
| 020 | . | ‡a9780525949787 | |
| 020 | . | ‡a052594978X (hardcover) | |
| 035 | . | ‡a(OCoLC)71004282 | |
| 040 | . | ‡aDLC ‡cDLC ‡dBAKER | |
| 082 | 0 | 0. | ‡a813/.54 ‡222 |
| 100 | 1 | . | ‡aChevalier, Tracy. ‡0(LARL_NWRL_CONSORTIUM)102357 |
| 245 | 1 | 0. | ‡aBurning bright / ‡cby Tracy Chevalier. |
| 260 | . | ‡aNew York : ‡bDutton, ‡cc2007. | |
| 263 | . | ‡a0703 | |
| 300 | . | ‡a311 p. ; ‡c24 cm. | |
| 600 | 1 | 0. | ‡aBlake, William, ‡d1757-1827 ‡vFiction. |
| 901 | . | ‡a74168 ‡bOCLC ‡c74168 ‡tbiblio | |

Add to basket
Permalink
Disable Highlighting